Štatistika pre ekonómov

Na minha lista:
Detalhes bibliográficos
Autor principal: Bakytová, Hedviga
Autor Corporativo: Ekonomická univerzita v Bratislave. Fakulta hospodárskej informatiky
Outros Autores: Brčková, Valentína, Hrnčiarová, Ľubica, Hlúch, P., Oravec, Ladislav, Pacáková, Viera, Pažitná, Mária, Rublíková, Eva, Terek, Milan, Tkáč, Michal, 1958-, Kolek, Juraj, Novák, Ilja, Ugron, Milan
Formato: Livro
Idioma:eslovaco
Publicado em: Bratislava Vydavateľstvo EKONÓM 1996
Assuntos:
Tags: Adicionar Tag
Sem tags, seja o primeiro a adicionar uma tag!

MARC

LEADER 00000nam a2200000 4500
001 0094613
005 20220928094603.1
020 |a 80-225-0774-1 
041 0 |a slo 
044 |a SK 
245 1 0 |a Štatistika pre ekonómov  |c Hedviga Bakytová a kolektív 
264 1 |a Bratislava  |b Vydavateľstvo EKONÓM  |c 1996 
300 |a 216 s. 
610 2 0 |a štatistika ekonomická 
610 2 0 |a metódy štatistické 
610 2 0 |a súbory štatistické 
610 2 0 |a porovnanie štatistické 
610 2 0 |a analýza radov časových 
610 2 0 |a pravdepodobnosť 
610 2 0 |a analýza štatistická 
100 1 |a Bakytová, Hedviga 
700 1 |a Brčková, Valentína 
700 1 |a Hrnčiarová, Ľubica 
700 1 |a Hlúch, P. 
700 1 |a Oravec, Ladislav 
700 1 |a Pacáková, Viera 
700 1 |a Pažitná, Mária 
700 1 |a Rublíková, Eva 
700 1 |a Terek, Milan 
700 1 |a Tkáč, Michal, 1958- 
700 1 |a Kolek, Juraj 
700 1 |a Novák, Ilja 
700 1 |a Ugron, Milan 
710 2 |a Ekonomická univerzita v Bratislave. Fakulta hospodárskej informatiky